Quizzes
Events
Quiz Creation
Community
Videos
Private Events
Remove Ads
Sign In
Join for FREE
Feedback
Dark Mode
Quiz Categories
Sports
Geography
Music
Movies
Television
Just For Fun
Miscellaneous
History
Literature
Language
Science
Gaming
Entertainment
Religion
Holiday
For Kids
Quiz Lab
Recent
Popular Today
Quiz Kudos Today
Editor Picks
Curator Picks
Quizzes by...
Day
Popularity
Type
Ratings
Length
Year
Community
Subscriptions
Recent Discussions
Orange Saloon
Badges
Playlists
Quests
Create
Leaderboards
Showdown
Live 5
Trivia Bingo
Activity
Puzzle Library
Sporcle Events
Private Events
Virtual Trivia
Globe League
Become a Host
Pub Owners
SporcleCon
Opinionation
Our Games
Videos
Blog
Mobile Apps
Partnerships
Remove Ads and Go Orange
Feedback
Television
TV Characters
TV Show
Sitcom
Network
Friends
Reality Shows
Cast
South Park
Star Trek
The Simpsons
Doctor Who
Television
TV Characters
TV Show
Sitcom
Network
Friends
Reality Shows
Cast
South Park
Star Trek
The Simpsons
Doctor Who
Random Quiz
Search Sporcle
×
Quiz Lab
Quiz Lab
Television
Actress
Type answers that appear on an image
Type answers that appear on an image
Map
Best Score? Go Orange.
Where was the actor born? Stats
Where was the actor born?
By
MissLlama
10m
40 Questions
46 Plays
46 Plays
46 Plays
Comments
Comments
Give Quiz Kudos
Give Quiz Kudos
-
- Ratings
hide this ad
Forced Order
Answers have to be entered in order
Answers have to be entered in order
Replay
Link that replays current quiz
Next Quiz
Link to next quiz in quiz playlist
You Got
0%
They Got
Avg Score
79%
Avg Friend Score
Upgrade to see
Score Distribution
Jump to the score distribution portion of the page
Score
0/40
Timer
10:00
0
Plays Today
% Correct
Cameron Diaz/California
95.7%
Brad Pitt/Oklahoma
91.3%
Jennifer Aniston/California
89.1%
Demi Lovato/Albuquerque
87%
Alyson Hannigan/Washington
84.8%
Steve Martin/Texas
84.8%
George Clooney/Kentucky
82.6%
Meryl Streep/New Jersey
82.6%
Michelle Johnson/Alaska
82.6%
Nicole Kidman/Hawaii
82.6%
Chris Pratt/Minnesota
80.4%
Josh Radnor/Ohio
80.4%
Ashton Kutcher/Iowa
80.4%
Teresa Hill/Idaho
80.4%
Michelle Williams/Montana
80.4%
Bridgette Wilson/Oregon
80.4%
Thomas Nicholson/Nevada
80.4%
Matthew Davis/Utah
80.4%
Jack Reynor/Colorado
80.4%
Eric Stonestreet/Kansas
80.4%
% Correct
Reese Witherspoon/Louisiana
80.4%
Alan Ritchson/North Dakota
78.3%
January Jones/South Dakota
78.3%
Channing Tatum/Alabama
78.3%
Julia Roberts/Georgia
78.3%
Jessica Stroup/South Carolina
78.3%
Britt Robertson/North Carolina
78.3%
Scarlett Johansson/New York
78.3%
Hillary Swank/Nebraska
76.1%
Taylor Momsen/Missouri
76.1%
Billy Bob Thornton/Arkansas
76.1%
Rachel Nichols/Maine
76.1%
Taylor Lautner/Michigan
76.1%
Will Smith/Pennsylvania
76.1%
Mark Ruffalo/Wisconsin
76.1%
Jesse Garcia/Wyoming
73.9%
Lacy Chabert/Mississippi
73.9%
Sandra Bullock/Virginia
73.9%
Megan Fox/Tennesse
73.9%
Emma Stone/Arizona
71.7%
Quiz Playlist
Details
Report
Send in Message
Add To Playlist
Map:
Type answers that appear on an image
Forced Order:
Answers have to be entered in order
Last Updated: Feb 16, 2017
Quiz Scoreboard
CHALLENGE
Sign Up to Join the Scoreboard
Show All
Scores
Hide
Comments
May contain spoilers
Recently Published
An Introduction to Baseball
by treessimontrees
Sports
5m
Movies - When Are They Set?
by FPL_Elf
Movies
5m
Popular People in 1961
by mucciniale
History
6m
More to Explore
Quiz From the Vault
Featured Blog Post
Where Did the Easter Bunny Come From?
hide this ad
You Might Also Like...
Tags
Actor Quiz
Actress Quiz
birth
birthplace
Lead Actress
map
place
USA
Today's Top Quizzes in Television
Browse Television
hide this ad
Today's Top Quizzes in Actress
Browse Actress
Top Contributed Quizzes in Television
1
One Piece Logic Puzzle
2
Survivor Logic Puzzle: Heroes vs. Villains
3
5-to-1: The Simpsons Families
4
Survivor Seasons
5
Survivor Season by Logo
6
5-to-1: Television Doctors
7
7-to-1: TV Show Settings
8
One Thing in Common: Television
9
Survivor Trivia
10
5-to-1: Streaming Originals
Explore More
Trending Topics
Disney
NBA
Harry Potter
Anime
Crossword
Kpop
Marvel
WWE
Puzzle
Soccer
Song
NFL
The Office
Pokémon
Country
hide this ad
More By:
MissLlama
Quiz
Plays
Rating
Category
Featured
Created
1-100 in 30 seconds
563
3.00
Just For Fun
Aug 12, 2014
Who said that? FRIENDS EDITION
288
3.60
Television
Jul 25, 2014
Do you really know the Simpsons?
177
3.40
Television
Jul 23, 2014
Who said that? THE BIG BANG THEORY EDITION
171
4.00
Television
Jul 28, 2014
Name the friends actor & character
134
5.00
Television
Aug 10, 2014
Go to Creator's Profile
Score Distribution
Quiz Creator Spotlight
MissLlama
Follow
Send a Message
Quizzes Created
-
Created Quiz Play Count
-
More By This Creator
Popular Quizzes Today
1
Find the Countries of Europe - No Outlines Minefield
2
Find the US States - No Outlines Minefield
3
The Countries of the World
4
Popular People in 1961
5
US States
6
Find the US States
7
1-10 Letter E Words III
8
Risky Map Clicking: Biggest States A-Z
More Television Quizzes
Six Sixes in Sixty: Television
Published
Trending Quizzes
Risky Map Clicking: Least Populous States A-Z
1-10 Letter F Words
1-10 Letter G Words
One Thing in Common: United Kingdom
Not Quite an Element Typing Challenge
Recently Updated
Leaping Animals
pecheneg
Reality TV Shows (A-Z)
bhenderson79
Rickey Henderson's Hall of Fame Teammates
pecheneg
Champions League XIs: Arsenal
pecheneg
Quick Pick: Celebrities in WWE's Hall of Fame
aduchscher
A-Z Keypad Blitz II
pecheneg
Multiple Oscar Actors
pecheneg
Mystery Phrase Blitz: Oscar 'Best Actors'
pecheneg
F. Scott Fitzgerald Novels
LTH
Pick 3 Villains
ddd62291
Trending Topics
Crossword
Harry Potter
NBA
Kpop
Anime
Marvel
Disney
WWE
Pokémon
Soccer
The Office
Song
Puzzle
Country
NFL
Your Account Isn't Verified!
In order to create a playlist on Sporcle, you need to verify the email address you used during registration. Go to your
Sporcle Settings
to finish the process.
Report this User
Report this user for behavior that violates our
Community Guidelines
.
Details:
Send Report
Go to the Sporcle.com Mobile Site →
Comments